Rappeurs par lettre - S - Statistiques

Statistiques générales
  • Ce quiz a été pris 269 fois
    238 depuis la dernière actualisation
  • Le résultat moyen est 9 sur 22
Statistiques - réponses
Albums notable Rappeur % Correct
A7, JVLIVS SCH
95%
OCHO SDM
72%
La colombe, Cosmopolitanie Soprano
68%
Affranchis, La Direction Sofiane
64%
L'école des points vitaux, L'Apogée Sexion d'Assaut
62%
Supreme NTM Supreme NTM
58%
Du rire aux larmes, Gravé dans la roche Sniper
55%
Johny Niuum ne meurt jamais, Nique le Casino Sadek
53%
Mistral, Avec le temps Soso Maness
45%
Seine Zoo S-Crew
42%
Fissure de vie So la lune
40%
Fruit du démon, Vintage Soolking
38%
Dieu bénisse Supersound, 38° Sneazzy
37%
Enfant2LaRue, 2 lions Sasso
35%
Où je vis, Tous m'appellent Shu Shurik'n
27%
Masque blanc, Etat d'Esprit S.Pri Noir
24%
Professeur Punchline, Bad Cowboy Seth Gueko
23%
Le toit du monde, La plume & le poignard Sinik
20%
Special, Twapplife Siboy
19%
Oui je suis, Qui Suis-je ? Sefyu
17%
Capuche, Cauchemars et rêves Shotas
8%
Des jours meilleurs, Condamné à régner Sultan
8%
Aucun quiz correspondant
Distribution des résultats
% des personnes avec chaque résultat
Percentile par nombre de réponses
Votre historique - résultats
Vous n’avez pas pris ce quiz depuis la dernière actualisation